Toutes les gares ferroviaires de l'Ain - Statistiques

Statistiques générales
  • Ce quiz a été pris 15 fois
  • Le résultat moyen est 13 sur 38
Statistiques - réponses
Fréquentation annuelle Nom de la gare % Correct
2 062 701 Bourg-en-Bresse
100%
136 792 Oyonnax
92%
1 527 121 Ambérieu-en-Bugey
83%
1 729 256 Bellegarde-sur-Valserine
67%
301 073 Culoz
67%
827 574 Meximieux - Pérouges
58%
343 923 Miribel
50%
669 928 Montluel
50%
492 195 Villars-les-Dombes
50%
20 428 Nurieux
42%
35 368 Pont-d'Ain
42%
83 175 Saint-Paul-de-Varax
42%
294 449 Beynost
33%
193 909 Les Echets
33%
104 428 Mionnay
33%
10 338 Polliat
33%
86 817 Saint-Marcel-en-Dombes
33%
246 556 Saint-Maurice-de-Beynost
33%
80 316 Virieu-le-Grand - Belley
33%
8 296 Ceyzériat
25%
157 523 Marlieux - Châtillon
25%
54 921 Pont-de-Veyle
25%
297 521 Saint-André-de-Corcy
25%
14 099 Saint-Rambert-en-Bugey
25%
84 262 Servas-Lent
25%
102 046 Vonnas
25%
4 083 Bellignat
17%
230 674 La Valbonne
17%
46 281 Mézériat
17%
51 873 Brion - Montréal-la-Cluse
8%
1 646 Cize-Bolozon
8%
4 732 Saint-Martin-du-Mont
8%
12 739 Simandre-sur-Suran
8%
50 530 Tenay - Hauteville
8%
5 215 Villereversure
8%
8 293 Ambronay - Priay
0%
2 657 Pougny - Chancy
0%
97 817 Seyssel - Corbonod
0%
Aucun quiz correspondant
Distribution des résultats
% des personnes avec chaque résultat
Percentile par nombre de réponses
Votre historique - résultats
Vous n’avez pas pris ce quiz